| 000 | 01038nam a2200265 a 4500 | ||
|---|---|---|---|
| 001 | BRCA_6025 | ||
| 005 | 20190320205313.0 | ||
| 008 | 180411s2010----sp-a######---#000-0#spa-# | ||
| 020 | _a9788493726034 (v.2) | ||
| 041 | _aspa | ||
| 044 | _asp | ||
| 050 | 4 |
_aND813.Z9 _b.F73 2010 |
|
| 245 | 1 | 0 |
_aFrancisco de Zurbarán, 1598-1664 _blos conjuntos y el obrador _ccon la colaboración de Almudena Ros de Barbero ; documentalistas Annie Champié, Céline Cordier ; prólogo de Enrique Valdivieso. |
| 260 |
_aMadrid _bFundación Arte Hispánico _c2010 |
||
| 300 |
_a519 p. (v.2) _bil. (algunas a color) _c31 cm. _e1 CD. |
||
| 500 | _aIncluye índice de obras y lista de exposiciones | ||
| 500 | _aIncluye piezas de la colección Franz Mayer: p. 84, 215 y 471 | ||
| 504 | _aBibliografía: p. 480-509 | ||
| 600 | 1 | 4 |
_aZurbarán, Francisco de _d1598-1664 _913651 |
| 650 | 1 | 4 |
_aPintores españoles _97620 |
| 700 | 1 |
_aRos de Barbero, Almudena _915201 |
|
| 700 | 1 |
_aChampié, Annie _915202 |
|
| 700 | 1 |
_aCordier, Céline _915203 |
|
| 942 |
_2lcc _cB |
||
| 999 |
_c5713 _d5713 |
||